Получение ультрадисперсных кристаллических материалов в сверхзвуковой струе углеродной электроразрядной плазме: автореферат диссертации на соискание ученой степени кандидата технических наук; спец. 05.14.12

Bibliografske podrobnosti
Glavni avtor: Пак А. Я. Александр Яковлевич
Korporativna značnica: Национальный исследовательский Томский политехнический университет (ТПУ)
Drugi avtorji: Сивков А. А. Александр Анатольевич (научный руководитель)
Izvleček:Защита сост. 26.12.2014 г.
Jezik:ruščina
Izdano: Томск, 2014
Teme:
Format: Knjiga
KOHA link:https://koha.lib.tpu.ru/cgi-bin/koha/opac-detail.pl?biblionumber=282118

MARC

LEADER 00000nam0a2200000 4500
001 282118
005 20240407064712.0
035 |a (RuTPU)RU\TPU\book\305991 
090 |a 282118 
100 |a 20150128d2014 k y0rusy50 ca 
101 0 |a rus 
102 |a RU 
105 |a a dm 001zy 
200 1 |a Получение ультрадисперсных кристаллических материалов в сверхзвуковой струе углеродной электроразрядной плазме  |e автореферат диссертации на соискание ученой степени кандидата технических наук  |e спец. 05.14.12  |f А. Я. Пак  |g Национальный исследовательский Томский политехнический университет (ТПУ) ; науч. рук. А. А. Сивков 
210 |a Томск  |d 2014 
215 |a 22 с.  |c ил. 
300 |a Защита сост. 26.12.2014 г. 
320 |a Библиогр.: с. 21-22 (22 назв.). 
452 1 |0 (RuTPU)RU\TPU\book\297165  |t Получение ультрадисперсных кристаллических материалов в сверхзвуковой струе углеродной электроразрядной плазме  |o автореферат диссертации на соискание ученой степени кандидата технических наук  |o спец. 05.14.12  |f А. Я. Пак  |g Национальный исследовательский Томский политехнический университет (ТПУ), Энергетический институт (ЭНИН), Кафедра электроснабжения промышленных предприятий (ЭПП) ; науч. рук. А. А. Сивков  |c Томск  |d 2014  |a Пак, Александр Яковлевич 
606 1 |a Ультрадисперсные порошки  |x Получение  |2 stltpush  |3 (RuTPU)RU\TPU\subj\71352  |9 85307 
610 1 |a углерод 
610 1 |a азот 
610 1 |a плазмодинамический синтез 
610 1 |a ультрадисперсные кристаллические фазы 
610 1 |a вольфрам-углеродная электроразрядная плазма 
610 1 |a сверхзвуковые струи 
610 1 |a авторефераты диссертаций 
610 1 |a труды учёных ТПУ 
675 |a 621.762.2(04)  |v 3 
686 |a 05.14.12  |2 oksvnk 
700 1 |a Пак  |b А. Я.  |c специалист в области электротехники  |c профессор Томского политехнического университета, доктор технических наук  |f 1986-  |g Александр Яковлевич  |y Томск  |3 (RuTPU)RU\TPU\pers\30051  |9 14481 
702 1 |a Сивков  |b А. А.  |c специалист в области электроэнергетики  |c профессор Томского политехнического университета, доктор технических наук  |f 1951-  |g Александр Анатольевич  |3 (RuTPU)RU\TPU\pers\26846  |4 727  |9 12465 
712 0 2 |a Национальный исследовательский Томский политехнический университет (ТПУ)  |c (2009- )  |3 (RuTPU)RU\TPU\col\15902 
801 1 |a RU  |b 63413507  |c 20150128 
801 2 |a RU  |b 63413507  |c 20150903  |g RCR 
942 |c BK